Biblioteca "Ernesto Sabato"
Facultad de Derecho y Ciencias Sociales
Facultad de Lenguas
Universidad Nacional del Comahue

Nuevo espacio (Record no. 4278)

MARC details
000 -CABECERA
campo de control de longitud fija 00471caa a22001812a 4500
001 - NÚMERO DE CONTROL
campo de control 001500
003 - IDENTIFICADOR DEL NÚMERO DE CONTROL
campo de control AR-FADEU
008 - DATOS DE LONGITUD FIJA--INFORMACIÓN GENERAL
campo de control de longitud fija 311216n############xxu####################dd
092 ## - ASIGNACIÓN LOCAL DE SIGNATURA TOPOGRÁFICA DEWEY (OCLC)
Número de clasificación PP(301)NUE
100 ## - ENTRADA PRINCIPAL--NOMBRE DE PERSONA
Nombre de persona Argañaraz, Carlos Alberto
245 ## - MENCIÓN DE TÍTULO
Resto del título Diferencia y heterogeneidad : minorias sexuales en la ciudad de Buenos Aires
245 ## - MENCIÓN DE TÍTULO
Título Nuevo espacio
260 ## - PUBLICACIÓN, DISTRIBUCIÓN, ETC. (PIE DE IMPRENTA)
Fecha de publicación, distribución, etc. oct. 1966
440 ## - MENCIÓN DE SERIE/PUNTO DE ACCESO ADICIONAL--TÍTULO
Designación de volumen o secuencia 3
440 ## - MENCIÓN DE SERIE/PUNTO DE ACCESO ADICIONAL--TÍTULO
Número de parte o sección de la obra 3
650 ## - PUNTO DE ACCESO ADICIONAL DE MATERIA--TÉRMINO DE MATERIA
Término de materia o nombre geográfico como elemento inicial DISCRIMINACION SEXUAL
942 ## - ELEMENTOS DE PUNTO DE ACCESO ADICIONAL (KOHA)
Tipo de ítem Koha PPGR

No items available.

Facultad de Derecho y Ciencias Sociales | Universidad Nacional del Comahue | Mendoza y Perú General Roca | Río Negro CP (8332) | Patagonia Argentina | Teléfono: 54-0298-4433670 | | Fax: 0298-4432093 | Fax alumnos: 0298-4435700